=LDR 00000nam 2200000 4500 =001 NUTBA000000000000273 =990 ##$$a 1199500697 =990 ##$$a 1199500697 =005 20140319164200.0 =990 ##$$a 90691/BPAP-NTB/2014 =990 ##$$a 90691/BPAP-NTB/2014 =006 =990 ##$$a 91612/BPAP-NTB/2014 =990 ##$$a 91612/BPAP-NTB/2014 =007 =008 =020 ##$$a 979-421-966-5 =035 ##$$a 0010-031400000000272 =040 ##$$a NBPDMAT $b Ind =082 ##$$a 659.207 2 =090 ##$$a 659.207 2$bRus m =100 ##$$a Ruslan, Rosady =245 ##$$a Metode penelitian$bpublic relations dan komunikasi$cRosady Ruslan =260 ##$$a Jakarta $b Raja Grafindo $c 20061 =300 ##$$a xxiii,289 hlm.$bilus$c21 cm. =650 ##$$a Hubungan Masyarakat$xpenelitian =850 ##$$a NBPNMAT =990 ##$$a 20704992 =990 ##$$a 90691/BPAP-NTB/2014 =990 ##$$a 91612/BPAP-NTB/2014 =990 ##$$a 25292529